000 02079nam a22002777a 4500
005 20211117161754.0
008 211117b ||||| |||| 00| 0 eng d
020 _a03855114565
040 _cAL
041 _aeng
082 _223
_a305.800
_bNATO
100 _aSusan Nathan
_910566
245 _aOther side of Israel: My Journey Across the Jewish Arab Divide
260 _aNew York
_bNan A Talese
_c2005
300 _axv,310p.
_bHB
_c24x16 cm.
365 _b25.00
_c$
_d25.00
520 _aThe pioneering autobiographical story of a British Zionist in her fifties who moves to Israel and chooses to live among 25,000 Muslims in the all-Arab Israeli town of Tamra, a few miles from Nazareth. Susan Nathan’s revelatory book about her new life across the ethnic divide in Israel is already creating international interest. At a time when Middle Eastern politics (in many ways central to the current world disorder) have become mired in endless tit-for-tat killings, Susan Nathan is showing – by her own daily example – that it is perfectly possible for Jews and Arabs to live peacefully together in a single community, recognising their common humanity. The author’s familiarity with the former injustices of apartheid South Africa enables her to draw telling comparisons with the state of Israel. The increasing segregation of, and discrimintation against, the million-strong Arabic population of Israel is something she witnesses at first hand, but in describing her experiences in Tamra she is as observant of Arab frailties as of Jewish oppression. Written with warmth, compassion and humour, ‘The Other Side of Israel’ is one courageous woman’s positive life-enhancing response to a situation in which entrenched attitudes lead only to more violence and bloodshed.
650 _aSocial Group
_910567
650 _aIsrael Tamra
_910568
650 _aMulticulturalism
_910569
650 _aCultural Pluralism
_910570
650 _aEthnic Relations
_910571
650 _aPalestinian Arabs
_910572
700 _aNATHAN (Susan)
_910573
942 _2ddc
_cGF
999 _c220654
_d220654